Guía ilustrada : (Registro nro. 19472)

Detalles MARC
000 -CABECERA
Campo de control 00934nam a2200217 a 4500
005 - FECHA Y HORA DE LA ULTIMA TRANSACCION
Campo de control 20170426091929.0
008 - ELEMENTOS DE LONGITUD FIJA—INFORMACION GENERAL
Campo de control 170426s2012 bo a||||r|||| 00| 0 spa d
040 ## - FUENTE DE CATALOGACIÓN
Agencia catalogadora original CO-BoIAVH
Agencia transcriptora CO-BoIAVH
041 0# - IDIOMA
Código de idioma para texto/pista de sonido o título separado Español
044 ## - PAÍS DE PUBLICACIÓN
País de publicación Bolivia
082 04 - NUMERO DE CLASIFICACION DECIMAL DEWEY
Número de clasificación 595.789
Número del ítem G89i
245 00 - MENCION DE TITULO
Título Guía ilustrada :
Parte restante del título Mariposas diurnas comunes del municipio de Coroico. Parte I y Saturniidae y Sphingidae de los Yungas de La Paz. Parte II /
Mención de responsabilidad Ministerio del Medio Ambiente y del Agua
260 ## - PUBLICACION, DISTRIBUCION, ETC. (PIE DE IMPRENTA)
Lugar de publicación, distribución, etc. La Paz (Bolivia) :
Nombre del editor, distribuidor, etc. Ministerio del Medio Ambiente y del Agua,
Fecha de publicación, distribución, etc. 2012.
300 ## - DESCRIPCION FISICA
Extensión 126 páginas :
Otros detalles físicos ilustraciones a color ;
Dimensiones 20 x 21 cm.
504 ## - NOTA DE BIBLIOGRAFIA, ETC.
Nota de bibliografía Incluye referencias bibliográficas: páginas 121-126.
650 24 - ASIENTO SECUNDARIO DE MATERIA - TERMINO TEMATICO
Término temático o nombre geográfico como elemento de entrada Mariposas
Subdivisión geográfica Bolivia
Subdivisión de forma Guía
9 (RLIN) 81151
650 26 - ASIENTO SECUNDARIO DE MATERIA - TERMINO TEMATICO
Término temático o nombre geográfico como elemento de entrada Lepidoptera
Subdivisión geográfica Bolivia
Subdivisión de forma Guía
9 (RLIN) 81152
650 26 - ASIENTO SECUNDARIO DE MATERIA - TERMINO TEMATICO
Término temático o nombre geográfico como elemento de entrada Lepidoptera
Subdivisión general Taxonomía
Subdivisión geográfica Bolivia
Subdivisión de forma Guía
9 (RLIN) 81153
710 1# - ASIENTO SECUNDARIO - NOMBRE CORPORATIVO
Nombre corporativo o de jurisdicción como elemento de entrada Bolivia.
Unidad subordinada Ministerio de Medio Ambiente y Agua
9 (RLIN) 81154
942 ## - ELEMENTOS ADICIONALES (KOHA)
Sistema de clasificación Dewey Decimal Classification
Tipo de ítem Libro
Existencias
Withdrawn status Lost status Sistema de Clasificación Damaged status No para préstamo Colección Inventariado Ubicación Permanente Ubicación actual Fecha de adquisición Fuente de Valor Valor Total Checkouts Número topográfico Inventario / Código de Barras Date last seen Ejemplar Price effective from Forma de adquisición Tipo de material
    Dewey Decimal Classification     General Inventariado 2017 Bogotá Bogotá 26/04/2017 Instituto 39000.00   LB-595.789 G89i 041182 26/04/2017 Ej. 1 26/04/2017 Donación Libro
    Dewey Decimal Classification     Entomología Inventariado 2017 Villa de Leyva Villa de Leyva 03/05/2017 Instituto 39000.00   LB-595.789 G89i 041213 23/10/2017 Ej. 2 03/05/2017 Donación Libro